[Event "Championnat de France des Jeunes - Pupi"]
[Site "TROYES"]
[Date "2010.04.14"]
[Round "5.3"]
[White "Ek, Alexandre"]
[Black "Grezels, Florian"]
[Result "1/2-1/2"]
[WhiteElo "1833"]
[BlackElo "1874"]
[PlyCount "52"]

1. e4 d6 2. d4 Nf6 3. Nc3 Nbd7 4. f4 e5 5. Nf3 exd4 6. Nxd4 Nc5 7. Bd3 Bg4 8.
Nf3 Be7 9. Be3 Nxd3+ 10. cxd3 c6 11. h3 Bd7 12. g4 Qa5 13. Qe2 h6 14. O-O-O
O-O-O 15. Rhe1 Rhe8 16. d4 Bf8 17. Qd3 d5 18. e5 Ne4 19. Nxe4 dxe4 20. Qxe4
Qxa2 21. Nd2 Be6 22. Qb1 Qxb1+ 23. Nxb1 g6 24. Rf1 Bb3 25. Rd2 Bb4 26. Nc3 c5
1/2-1/2

[Event "Championnat de France des Jeunes - Pupi"]
[Site "TROYES"]
[Date "2010.04.14"]
[Round "5.4"]
[White "Froment, Theophile"]
[Black "Biancarelli, Pablo"]
[Result "1-0"]
[WhiteElo "1834"]
[BlackElo "1666"]
[PlyCount "59"]

1. e4 c5 2. Nf3 e6 3. d4 cxd4 4. Nxd4 a6 5. Bd3 Bc5 6. Nb3 Be7 7. c4 d6 8. Nc3
Nf6 9. f4 Qc7 10. Qe2 Nbd7 11. O-O b6 12. Bd2 Bb7 13. Rae1 Nc5 14. Nxc5 Qxc5+
15. Kh1 Qc7 16. b3 O-O 17. e5 Nd7 18. Ne4 h6 19. exd6 Bxd6 20. Nxd6 Qxd6 21.
Bc3 Rfd8 22. Qg4 Qf8 23. Bc2 Nc5 24. f5 exf5 25. Rxf5 Bc8 26. h3 Bxf5 27. Qxf5
g6 28. Qf6 Kh7 29. Bxg6+ fxg6 30. Re7+ 1-0

[Event "Championnat de France des Jeunes - Pupi"]
[Site "TROYES"]
[Date "2010.04.14"]
[Round "5.5"]
[White "Rey, Gaetan"]
[Black "Haussernot, Cecile"]
[Result "0-1"]
[WhiteElo "1701"]
[BlackElo "1949"]
[PlyCount "52"]

1. e4 c5 2. Nf3 d6 3. d4 cxd4 4. Nxd4 Nf6 5. Nc3 a6 6. f3 e5 7. Nb3 Be6 8. Be3
Be7 9. Qd2 O-O 10. O-O-O a5 11. Kb1 a4 12. Nc1 Nbd7 13. Qf2 a3 14. Nb3 axb2 15.
Kxb2 Bxb3 16. cxb3 Qa5 17. Rc1 d5 18. Na4 b5 19. Bd2 Bb4 20. Bxb4 Qxb4 21. Nc3
Nc5 22. Kb1 Rfc8 23. Nxd5 Nxd5 24. exd5 Nxb3 25. axb3 Ra1+ 26. Kxa1 Qa3+ 0-1

[Event "Championnat de France des Jeunes - Pupi"]
[Site "TROYES"]
[Date "2010.04.14"]
[Round "5.6"]
[White "Meunier, Clement"]
[Black "Devoille, Hugo"]
[Result "0-1"]
[WhiteElo "1813"]
[BlackElo "1704"]
[PlyCount "138"]

1. e4 c5 2. Nf3 e6 3. d4 cxd4 4. Nxd4 Nc6 5. Nc3 Qc7 6. Be2 Nf6 7. Be3 a6 8. a3
Be7 9. f4 d6 10. g4 e5 11. Nxc6 bxc6 12. g5 Nd7 13. f5 Bb7 14. Qd2 Nb6 15. Bxb6
Qxb6 16. O-O-O O-O-O 17. h4 h6 18. f6 gxf6 19. gxf6 Bxf6 20. Rdf1 Be7 21. Rxf7
Bf8 22. Bg4+ Kb8 23. Ne2 h5 24. Be6 Bh6 25. Nf4 Bxf4 26. Rxf4 exf4 27. Qxf4 Qc7
28. Bh3 Rde8 29. Bf5 d5 30. Qg5 dxe4 31. Bg6 Ref8 32. Bxe4 Qf4+ 33. Qxf4+ Rxf4
34. Bg6 Rd8 35. c3 Bc8 36. Rh2 Bg4 37. b4 Rd6 38. Bc2 Rf1+ 39. Kb2 Rdf6 40. Rd2
R6f2 41. Rxf2 Rxf2 42. Kc1 Rf1+ 43. Kd2 Rf2+ 44. Kc1 Rh2 45. Be4 Kc7 46. Bd3
Kb6 47. a4 Rxh4 48. Kb2 Rh2+ 49. Kb3 Be6+ 50. c4 Rh3 51. Kc2 Rxd3 52. Kxd3
Bxc4+ 53. Ke3 h4 54. Kf4 h3 55. Kg3 Be6 56. Kf2 a5 57. bxa5+ Kxa5 58. Kg3 Kxa4
59. Kf2 c5 60. Kg3 c4 61. Kf2 c3 62. Ke3 c2 63. Kd2 Bf5 64. Ke2 h2 65. Kf3 c1=Q
66. Ke2 h1=Q 67. Kf2 Qh3 68. Ke2 Qc2+ 69. Ke1 Qh1# 0-1

[Event "Championnat de France des Jeunes - Pupi"]
[Site "TROYES"]
[Date "2010.04.??"]
[Round "5.7"]
[White "Alinc, Dimitri"]
[Black "Berrini, Sylvain"]
[Result "1-0"]
[WhiteElo "1772"]
[BlackElo "1640"]
[PlyCount "107"]

1. e4 e5 2. Nf3 Nc6 3. Bc4 Bc5 4. c3 Nf6 5. d4 exd4 6. cxd4 Bb4+ 7. Bd2 Bxd2+
8. Nbxd2 d5 9. exd5 Nxd5 10. Qb3 Qe7+ 11. Kd1 O-O 12. Bxd5 Bg4 13. Bxc6 bxc6
14. h3 Bh5 15. g4 Bg6 16. Ne5 Rfe8 17. f4 Rad8 18. Ndf3 Be4 19. Re1 Bxf3+ 20.
Nxf3 Rxd4+ 21. Kc2 Qc5+ 22. Qc3 Qxc3+ 23. Kxc3 Rdd8 24. Rad1 h6 25. Rxe8+ Rxe8
26. Re1 Rd8 27. Re7 g6 28. Rxc7 Re8 29. Kd3 Re6 30. Ne5 Rd6+ 31. Kc3 Rd5 32.
Rxf7 Rxe5 33. fxe5 Kxf7 34. Kd4 Ke6 35. b4 a6 36. Kc5 Kxe5 37. Kxc6 Kf4 38. Kb6
Kg3 39. Kxa6 Kxh3 40. b5 Kxg4 41. b6 g5 42. b7 h5 43. b8=Q Kh4 44. Qh2+ Kg4 45.
Kb5 h4 46. a4 h3 47. a5 Kh4 48. a6 g4 49. a7 g3 50. Qh1 g2 51. Qh2 Kg5 52. a8=Q
Kf6 53. Qf8+ Ke6 54. Qhd6# 1-0

[Event "Championnat de France des Jeunes - Pupi"]
[Site "TROYES"]
[Date "2010.04.14"]
[Round "5.8"]
[White "Froment, Victor"]
[Black "Dias, Theodore"]
[Result "0-1"]
[WhiteElo "1698"]
[BlackElo "1765"]
[PlyCount "50"]

1. e4 c5 2. Nf3 Nc6 3. Bb5 Qb6 4. Nc3 e6 5. e5 d6 6. Bxc6+ Qxc6 7. d4 cxd4 8.
Qxd4 d5 9. O-O Bc5 10. Qg4 Ne7 11. Qxg7 Rg8 12. Qf6 d4 13. Ne2 Nf5 14. Ng5 Rg7
15. Qxg7 Nxg7 16. Nxh7 b6 17. Nf6+ Kd8 18. Bg5 Kc7 19. Ng3 Bb7 20. Nge4 Ne8 21.
f3 Nxf6 22. Nxf6 Rc8 23. a3 d3+ 24. Kh1 d2 25. Rad1 Ba6 0-1

[Event "Championnat de France des Jeunes - Pupi"]
[Site "TROYES"]
[Date "2010.04.14"]
[Round "5.9"]
[White "Delpierre, Elie"]
[Black "Vigna, Leo"]
[Result "1-0"]
[WhiteElo "1685"]
[BlackElo "1760"]
[PlyCount "127"]

1. Nf3 d5 2. g3 Nc6 3. Bg2 Nf6 4. d3 e5 5. Nbd2 Bd6 6. O-O Ne7 7. e4 d4 8. Nc4
O-O 9. Nfxe5 Bxe5 10. Nxe5 b5 11. Bg5 Qd6 12. f4 Qe6 13. Bxf6 Qxf6 14. Nf3 Bb7
15. Qd2 a5 16. Rae1 c5 17. Qf2 Nc6 18. e5 Qf5 19. Nh4 Qe6 20. f5 Qd7 21. f6 g6
22. Qf4 Nd8 23. Qh6 Ne6 24. Bh3 Qc6 25. Re4 Qc7 26. Bxe6 fxe6 27. Nxg6 Bxe4 28.
Ne7+ Kf7 29. dxe4 Ke8 30. Qxh7 Ra7 31. Qg6+ Kd8 32. h4 Ra6 33. Qg7 Ke8 34. Rf2
Rf7 35. Qg5 Qb7 36. Rf4 c4 37. Rg4 d3 38. c3 Qa7+ 39. Kg2 Qc7 40. h5 d2 41.
Qxd2 Qxe5 42. Rg8+ Rf8 43. Rxf8+ Kxf8 44. Qd8+ Kf7 45. Qg8+ Kxf6 46. Qh8+ Kxe7
47. Qxe5 Rd6 48. Qxd6+ Kxd6 49. h6 e5 50. h7 b4 51. h8=Q bxc3 52. bxc3 Kc5 53.
Qxe5+ Kb6 54. a4 Ka7 55. Qxa5+ Kb8 56. Qb5+ Ka8 57. Qxc4 Kb7 58. e5 Kb6 59. e6
Ka7 60. e7 Kb6 61. e8=R Kb7 62. Qb5+ Ka7 63. Re7+ Ka8 64. Qb7# 1-0

[Event "Championnat de France des Jeunes - Pupi"]
[Site "TROYES"]
[Date "2010.04.14"]
[Round "5.10"]
[White "Bouvet, Florian"]
[Black "Pigeat, Alexandre"]
[Result "1/2-1/2"]
[WhiteElo "1665"]
[BlackElo "1714"]
[PlyCount "110"]

1. e4 e6 2. d4 d5 3. exd5 exd5 4. Bd3 Nf6 5. Bg5 Bd6 6. Nf3 Bg4 7. Nbd2 O-O 8.
O-O Nbd7 9. c3 c6 10. Qc2 Qc7 11. Rfe1 Bh5 12. Bh4 c5 13. dxc5 Qxc5 14. Nd4 Bg6
15. Bxg6 hxg6 16. Bg3 Bxg3 17. hxg3 Rac8 18. Qd3 a6 19. N4b3 Qb6 20. Rad1 Ng4
21. Qd4 Qxd4 22. Nxd4 Nc5 23. Re7 Rfe8 24. Rde1 Rxe7 25. Rxe7 Kf8 26. Re2 Nd3
27. f3 Nf6 28. Nb1 Re8 29. Rxe8+ Kxe8 30. b3 Nh5 31. Ne2 g5 32. g4 Nhf4 33.
Nxf4 Nxf4 34. Kf2 Ke7 35. g3 Nd3+ 36. Ke3 Ne5 37. Na3 Kd6 38. Nc2 g6 39. Nd4
Kc5 40. Nc2 Nc6 41. f4 gxf4+ 42. gxf4 Nd8 43. a3 b5 44. Ne1 a5 45. Nd3+ Kb6 46.
b4 axb4 47. axb4 f6 48. Nc1 Nf7 49. Nb3 Nh6 50. Kf3 g5 51. Nd4 Nf7 52. Ne6 gxf4
53. Kxf4 Nd6 54. Nd4 Ne4 55. Kf5 Ka6 1/2-1/2

[Event "Championnat de France des Jeunes - Pupi"]
[Site "CHAMPIONNAT DE FRANCE PUPILLE"]
[Date "2010.04.14"]
[Round "5.1"]
[White "Joudelat, Noemie"]
[Black "Banat, Rizlene"]
[Result "1-0"]
[WhiteElo "1763"]
[BlackElo "1608"]
[PlyCount "0"]

1. e4 d6 2. f4 c5 3. Nc3 g6 4. Nf3 Bg7 5. d3 Nc6 6. g3 Nf6 7. Bg2 O-O 8. O-O
Bd7 9. a3 Qc8 10. Qe2 Bh3 11. Rb1 Bxg2 12. Qxg2 Nd4 13. Nh4 Qc6 14. g4 Qd7 15.
f5 Rab8 16. Be3 Nc6 17. g5 Ne8 18. Nd5 Nc7 19. f6 Bh8 20. Nxc7 Qxc7 21. Qg3 Qd7
22. Ng2 Ne5 23. Bxc5 dxc5 24. Qxe5 exf6 25. gxf6 Qd4+ 26. Qxd4 cxd4 27. c3 Rfd8
28. cxd4 Rxd4 29. Rf3 Rbd8 30. Rc1 R4d6 31. e5 Rc6 32. Rd1 Rc5 33. Re3 Rdd5 34.
d4 Rc2 35. Rb3 Rc7 36. Nf4 Rd8 37. d5 b6 38. d6 Rb7 39. Rc3 h5 40. h4 Rbd7 41.
Kf2 Re8 42. Rd5 Kh7 43. Rc7 Red8 44. Nd3 Rxc7 45. dxc7 Rxd5 46. c8=Q Rxd3 47.
Qc7 Rd2+ 48. Ke3 Rxb2 49. Qxf7+ Kh6 50. Qf8+ Kh7 51. Qe7+ Kh6 52. f7 Bg7 53.
f8=Q Bxf8 54. Qxf8+ Kh7 55. Qf7+ Kh6 56. Qg8 g5 57. hxg5# 1-0

[Event "Championnat de France des Jeunes - Pupi"]
[Site "CHAMPIONNAT DE FRANCE PUPILLE"]
[Date "2010.04.14"]
[Round "5.2"]
[White "Terrazzoni, Claire"]
[Black "Duval, Claire"]
[Result "0-1"]
[WhiteElo "1530"]
[BlackElo "1750"]
[PlyCount "80"]

1. e4 c6 2. d4 d5 3. Nc3 dxe4 4. Nxe4 Bf5 5. Ng3 Bg6 6. h4 h6 7. f4 Nf6 8. Nf3
Nbd7 9. Ne5 Nxe5 10. fxe5 Qc7 11. Bd3 Bxd3 12. Qxd3 Nd5 13. Bd2 e6 14. O-O-O
O-O-O 15. Kb1 Kb8 16. Rhf1 c5 17. c3 Rd7 18. Qf3 Qb6 19. c4 Nc7 20. d5 exd5 21.
cxd5 Qg6+ 22. Ka1 Nb5 23. Bf4 Ka8 24. Ne4 Nd4 25. Qd3 Rxd5 26. Be3 Be7 27. g3
Rhd8 28. Rc1 Rxe5 29. Bxd4 Rxd4 30. Rxc5 Bxc5 31. Qb5 Qxe4 32. Rc1 a6 33. Qf1
f6 34. Qh3 Rc4 35. Rd1 Ka7 36. Qf1 Qc2 37. a3 Re2 38. Rb1 Ra4 39. Qd1 Rxa3+ 40.
bxa3 Qa2# 0-1

[Event "Championnat de France des Jeunes - Pupi"]
[Site "CHAMPIONNAT DE FRANCE PUPILLE"]
[Date "2010.04.14"]
[Round "5.3"]
[White "Baldi, Valentine"]
[Black "Dory, Manon"]
[Result "1-0"]
[WhiteElo "1635"]
[BlackElo "1604"]
[PlyCount "145"]

1. d4 d5 2. c4 e6 3. Nc3 Nf6 4. Nf3 Be7 5. e3 O-O 6. Bd3 b6 7. O-O Bb7 8. Re1
dxc4 9. Bxc4 c5 10. b3 Nc6 11. dxc5 Bxc5 12. Bb2 Qe7 13. Qe2 Rfd8 14. Red1
Rxd1+ 15. Rxd1 Rd8 16. a3 Rxd1+ 17. Qxd1 Bxa3 18. Bxa3 Qxa3 19. Nb5 Qa2 20. Ne5
h6 21. b4 Qa6 22. Nd4 Qa3 23. Nexc6 Bxc6 24. Nxc6 Qc3 25. Qd8+ Kh7 26. Qd3+
Qxd3 27. Bxd3+ g6 28. Nxa7 Nd5 29. Nc6 Kg7 30. Kf1 Nc3 31. Ke1 Kf8 32. Kd2 Nd5
33. Bc4 Nc7 34. Kc3 Ke8 35. Kd4 f6 36. f4 Kd7 37. b5 Kd6 38. e4 Kd7 39. Nb8+
Ke7 40. Na6 Ne8 41. g4 g5 42. f5 e5+ 43. Kd5 Kd7 44. Nb8+ Kc7 45. Nc6 Kd7 46.
Bd3 Nc7+ 47. Kc4 Kd6 48. Kb4 Ne8 49. Bc4 Kc7 50. Ne7 Kd7 51. Ng8 Kd8 52. Nxh6
Ke7 53. Ng8+ Kf8 54. Be6 Kg7 55. Ne7 Nd6 56. Bd5 Kf8 57. Nc6 Ke8 58. Nb8 Ke7
59. Bc6 Kf7 60. Nd7 Nc8 61. Bb7 Nd6 62. Bd5+ Ke7 63. Nxb6 Kd8 64. Nc4 Ne8 65.
b6 Kc8 66. b7+ Kb8 67. Na5 Nc7 68. Kc5 Ka7 69. Kd6 Nb5+ 70. Ke7 Nc7 71. Kxf6
Ne8+ 72. Kxe5 Kb8 73. Ke6 1-0

[Event "Championnat de France des Jeunes - Pupi"]
[Site "CHAMPIONNAT DE FRANCE PUPILLE"]
[Date "2010.04.14"]
[Round "5.4"]
[White "Auvray, Honorine"]
[Black "Chung, Mathilde"]
[Result "1-0"]
[WhiteElo "1713"]
[BlackElo "1527"]
[PlyCount "89"]

1. e4 d6 2. d4 Nf6 3. Nc3 g6 4. f3 c6 5. Be3 b5 6. Qd2 Nbd7 7. g4 Nb6 8. Bd3
Bb7 9. h4 h5 10. g5 Nfd7 11. f4 b4 12. Nce2 a5 13. Ng3 c5 14. dxc5 Nxc5 15.
Bxc5 dxc5 16. Bb5+ Nd7 17. O-O-O Bc8 18. Qd5 Ra7 19. Qxc5 Rb7 20. Bxd7+ Rxd7
21. Rxd7 Bxd7 22. Nf3 Bg7 23. Rd1 Qb8 24. Qe3 Qc7 25. Kb1 O-O 26. Ne2 Rc8 27.
Rc1 Bg4 28. e5 Qc4 29. Neg1 a4 30. Qd4 Qc6 31. Qd3 Bf5 32. Nd4 Qxc2+ 33. Qxc2
Bxc2+ 34. Rxc2 Rd8 35. Ngf3 e6 36. Rc4 Bf8 37. Kc2 Rb8 38. b3 axb3+ 39. axb3
Rb6 40. Nd2 Rb7 41. Ne4 Ra7 42. Kb2 Ra6 43. Nf6+ Kg7 44. Nd7 Be7 45. Nc6 1-0

[Event "Championnat de France des Jeunes - Pupi"]
[Site "CHAMPIONNAT DE FRANCE PUPILLE"]
[Date "2010.04.14"]
[Round "5.5"]
[White "Malassagne, Isabelle"]
[Black "Afraoui, Anaelle"]
[Result "1-0"]
[WhiteElo "1680"]
[BlackElo "1440"]
[PlyCount "29"]

1. c4 c5 2. Nc3 b6 3. Nf3 Bb7 4. g3 g6 5. Bg2 Bg7 6. O-O Nc6 7. Rb1 e6 8. a3
Nge7 9. Qa4 Qc7 10. Nb5 Qc8 11. Nd6+ Kf8 12. Nxc8 Rxc8 13. d3 d5 14. cxd5 exd5
15. Bf4 1-0

[Event "Championnat de France des Jeunes - Pupi"]
[Site "CHAMPIONNAT DE FRANCE PUPILLE"]
[Date "2010.04.14"]
[Round "5.6"]
[White "Hug, Roxana"]
[Black "Fraval, Julie"]
[Result "1/2-1/2"]
[WhiteElo "1490"]
[BlackElo "1640"]
[PlyCount "88"]

1. e4 c5 2. Nf3 d6 3. d4 cxd4 4. Nxd4 Nf6 5. Nc3 g6 6. Be2 Bg7 7. O-O O-O 8.
Be3 Nc6 9. f4 Bd7 10. Bf3 Rc8 11. Qd2 Na5 12. Qf2 Nc4 13. Rab1 Nxe3 14. Qxe3
Qb6 15. Qf2 Nxe4 16. Nd5 Qxd4 17. Nxe7+ Kh8 18. Bxe4 Qxe4 19. Rbe1 Bd4 20. Rxe4
Bxf2+ 21. Rxf2 Rce8 22. Rfe2 f5 23. R4e3 Bb5 24. Re1 Kg7 25. Kf2 Kf7 26. Nd5
Rxe3 27. Rxe3 Re8 28. Rxe8 Bxe8 29. Ke3 Bc6 30. Kd4 Ke6 31. Ne3 h6 32. g3 g5
33. c3 Be4 34. a3 Kd7 35. b4 Kc6 36. a4 gxf4 37. gxf4 Kd7 38. Nf1 Ke6 39. Ng3
d5 40. a5 Kd6 41. Ke3 Kc6 42. Nh5 Kb5 43. Kd4 Ka4 44. h4 b5 1/2-1/2

[Event "Championnat de France des Jeunes - Pupi"]
[Site "CHAMPIONNAT DE FRANCE PUPILLE"]
[Date "2010.04.14"]
[Round "5.7"]
[White "Genaudet, Eloise"]
[Black "Imperor, Lorene"]
[Result "0-1"]
[WhiteElo "1477"]
[BlackElo "1633"]
[PlyCount "94"]

1. d4 d5 2. c4 c6 3. Qc2 Nf6 4. Nf3 e6 5. g3 Be7 6. Bg2 O-O 7. O-O Nbd7 8. Nbd2
b6 9. b3 Bb7 10. Bb2 Rc8 11. e4 dxe4 12. Nxe4 c5 13. Nfd2 Nxe4 14. Nxe4 Bxe4
15. Bxe4 Nf6 16. Rad1 Qc7 17. dxc5 Nxe4 18. Qxe4 Bxc5 19. Rd3 Rfd8 20. Rfd1 Bd6
21. Qg4 g6 22. Qd4 e5 23. Qc3 Qe7 24. f4 Bc5+ 25. Kf1 Rxd3 26. Rxd3 Bd4 27.
Rxd4 exd4 28. Qxd4 f6 29. Qd5+ Kf8 30. Qd4 Rd8 31. Qxf6+ Qxf6 32. Bxf6 Rd2 33.
a3 Rxh2 34. Bc3 Rc2 35. Bb4+ Kf7 36. Be1 Ke6 37. Bb4 Kf5 38. Be1 Ke4 39. Bf2
Kf3 40. Be1 Rb2 41. b4 Ra2 42. c5 bxc5 43. bxc5 Rc2 44. Bb4 Rc1+ 45. Be1 Rxc5
46. Bb4 Rc1+ 47. Be1 Ra1 0-1

[Event "Championnat de France des Jeunes - Pupi"]
[Site "CHAMPIONNAT DE FRANCE PUPILLE"]
[Date "2010.04.14"]
[Round "5.8"]
[White "Saliou, Sarah"]
[Black "Broly, Marine"]
[Result "1/2-1/2"]
[WhiteElo "1470"]
[BlackElo "1590"]
[PlyCount "60"]

1. e4 e5 2. Nc3 Bc5 3. f4 d6 4. Nf3 a6 5. Bc4 Nf6 6. d3 O-O 7. Qe2 Nc6 8. Be3
exf4 9. Bxc5 dxc5 10. O-O Bg4 11. Qd2 Qd6 12. Nd5 Nxd5 13. Bxd5 h6 14. Bxc6
Qxc6 15. Qxf4 Be6 16. Rf2 Rac8 17. Raf1 Qb5 18. Qe5 c6 19. a3 c4 20. Qc3 cxd3
21. cxd3 c5 22. Nd2 Bg4 23. h3 Bh5 24. Nf3 f6 25. e5 Rce8 26. exf6 Rxf6 27.
Qc4+ Qxc4 28. dxc4 Bf7 29. Rc2 Rf4 30. Nd2 Rxf1+ 1/2-1/2

[Event "Championnat de France des Jeunes - Pupi"]
[Site "CHAMPIONNAT DE FRANCE PUPILLE"]
[Date "2010.04.14"]
[Round "5.9"]
[White "Gregot, Eva"]
[Black "Quelennec, Amelie"]
[Result "0-1"]
[WhiteElo "1440"]
[BlackElo "1530"]
[PlyCount "120"]

1. d4 b6 2. c4 Bb7 3. Nc3 e6 4. Nf3 Bb4 5. Bd2 Nf6 6. e3 O-O 7. Bd3 d6 8. O-O
Bxc3 9. Bxc3 Ne4 10. Bxe4 Bxe4 11. Qe2 Nd7 12. Rfd1 Nf6 13. Rd2 Qe7 14. Ng5 Bb7
15. Qd3 h6 16. Nf3 Ne4 17. Re2 f5 18. Rd1 e5 19. dxe5 dxe5 20. Nxe5 Rfd8 21.
Qc2 Rxd1+ 22. Qxd1 Nxc3 23. bxc3 Qxe5 24. Qb3 c5 25. Rd2 Qe4 26. Kf1 Qxg2+ 27.
Ke2 Bf3+ 28. Kd3 Rd8+ 29. Kc2 Be4+ 30. Kc1 Qf1+ 31. Qd1 Qxd1+ 32. Kxd1 Rxd2+
33. Kxd2 Kf7 34. Ke2 g5 35. f3 Bb7 36. Kf2 a6 37. Kg3 Bc8 38. h4 Be6 39. a3
Bxc4 40. hxg5 hxg5 41. Kf2 b5 42. Kg3 a5 43. Kf2 b4 44. cxb4 cxb4 45. axb4 axb4
46. Ke1 b3 47. Kd2 Ke6 48. Kc3 Ke5 49. f4+ gxf4 50. exf4+ Kxf4 51. Kb2 Ke3 52.
Kc3 f4 53. Kb2 f3 54. Kc3 f2 55. Kxc4 f1=Q+ 56. Kxb3 Qc1 57. Kb4 Kd4 58. Kb3
Qb1+ 59. Ka4 Kc4 60. Ka5 Qb5# 0-1

[Event "Championnat de France des Jeunes - Pupi"]
[Site "CHAMPIONNAT DE FRANCE PUPILLE"]
[Date "2010.04.14"]
[Round "5.10"]
[White "Fesselier, Melissa"]
[Black "Craquelin, Mathie"]
[Result "0-1"]
[WhiteElo "1520"]
[BlackElo "1410"]
[PlyCount "36"]

1. e4 e5 2. Nf3 Nc6 3. d4 exd4 4. Bc4 Be7 5. Nxd4 Nf6 6. Nc3 O-O 7. O-O Re8 8.
Nxc6 bxc6 9. e5 Nd5 10. Nxd5 cxd5 11. Qxd5 c6 12. Qxf7+ Kh8 13. Bd3 g6 14. Qf3
Rf8 15. Qh3 d5 16. g4 Bh4 17. f4 c5 18. g5 Bxh3 0-1